00401cam a2200169ua 45000010005000000080039000050200015000440400009000590410008000680820008000761000036000842450040001202500012001602600033001723000010002056530016002159860160930n ii |||gr||||Z||||||asm a8173391009 cMAIN aasm a410 aPatgiri, Dipti Phukan,eAuthor. aBhashattwacBy Dipti Phukan Patgiri a7th ed. aDibrugarh:bBanalata,c2014. a182p. aLinguistics